NPR's Top 100 Novels for Teens Quiz Stats

 Plays Quiz Updated Mar 16, 2020

Support Sporcle.
Go Orange.
Score 0/100 Timer 10:00
0 Plays Today
Rank & Novel Author % Correct
35. Go Ask AliceAnonymous
100%
1. Harry Potter (series)J.K. Rowling
95.4%
5. The HobbitJ.R.R. Tolkien
85.9%
7. The Lord of the Rings (series)J.R.R. Tolkien
85.9%
3. To Kill a MockingbirdHarper Lee
79.9%
6. The Catcher in the RyeJ.D. Salinger
68.8%
2. The Hunger Games (series)Suzanne Collins
65.4%
8. Fahrenheit 451Ray Bradbury
61.4%
60. Something Wicked This Way ComesRay Bradbury
61.4%
27. Twilight (series)Stephenie Meyer
58.4%
12. The Hitchhiker's Guide to the Galaxy (series)Douglas Adams
55.2%
18. Lord of the FliesWilliam Golding
54.1%
4. The Fault in Our StarsJohn Green
51.4%
9. Looking for AlaskaJohn Green
51.4%
20. Paper TownsJohn Green
51.4%
22. An Abundance of KatherinesJohn Green
51.4%
33. The Call of the WildJack London
48.1%
51. Treasure IslandRobert Louis Stevenson
47.5%
34. Will Grayson, Will GraysonJohn Green, David Levithan
43%
15. His Dark Materials (The Golden Compass) (series)Philip Pullman
42.9%
11. The Giver (series)Lois Lowry
41%
13. The OutsidersS.E. Hinton
34.7%
14. Anne of Green Gables (series)Lucy Maud Montgomery
31.8%
41. DuneFrank Herbert
28.1%
69. I Capture the CastleDodie Smith
27.6%
42. Discworld / Tiffany Aching (series)Terry Pratchett
27%
10. The Book ThiefMarkus Zusak
25.5%
82. I Am the MessengerMarkus Zusak
25.5%
17. The Princess BrideWilliam Goldman
24.5%
43. My Sister's KeeperJodi Picoult
23.7%
19. Divergent (series)Veronica Roth
23.5%
49. The Princess Diaries (series)Meg Cabot
23.3%
36. Howl's Moving CastleDiana Wynne Jones
23.1%
94. The Chronicles of Chrestomanci (series)Diana Wynne Jones
23.1%
Rank & Novel Author % Correct
21. The Mortal Instruments (City of Bones) (series)Cassandra Clare
20.8%
29. The Infernal Devices (Clockwork Angel) (series)Cassandra Clare
20.8%
48. Inheritance Cycle (Eragon) (series)Christopher Paolini
20.7%
46. Forever...Judy Blume
19.2%
47. Earthsea (A Wizard of Earthsea) (series)Ursula K. Le Guin
19.1%
99. WintergirlsLaurie Halse Anderson
18.5%
26. SpeakLaurie Halse Anderson
18.5%
55. 13 Little Blue EnvelopesMaureen Johnson
18.1%
16. The Perks of Being a WallflowerStephen Chbosky
18.1%
88. FeedM.T. Anderson
17.4%
38. A Separate PeaceJohn Knowles
17.4%
37. StargirlJerry Spinelli
15.7%
25. The Curious Incident of the Dog in the Night-TimeMark Haddon
15.2%
28. Uglies (series)Scott Westerfeld
13.3%
92. Leviathan (series)Scott Westerfeld
13.3%
31. The Absolutely True Diary of a Part-Time IndianSherman Alexie
12.9%
23. Flowers for AlgernonDaniel Keyes
11.9%
24. Thirteen Reasons WhyJay Asher
11.8%
74. The Maze Runner Trilogy (series)James Dashner
11.4%
50. The Song of the Lioness (Alanna: The First Adventure)(series)Tamora Pierce
11.4%
81. Daughter of the Lioness / Tricksters (series)Tamora Pierce
11.4%
83. The Immortals (series)Tamora Pierce
11.4%
86. Circle of Magic (Sandry's Book) (series)Tamora Pierce
11.4%
59. The House on Mango StreetSandra Cisneros
11.2%
62. Just ListenSarah Dessen
11.2%
64. The Truth About ForeverSarah Dessen
11.2%
90. Along for the RideSarah Dessen
11.2%
95. This LullabySarah Dessen
11.2%
30. Tuck EverlastingNatalie Babbitt
10.9%
32. The Sisterhood of the Traveling Pants (series)Anne Brashares
10.8%
44. The Dark is Rising (series)Susan Cooper
10.2%
63. A Ring of Endless LightMadeleine L'Engle
9.5%
40. Abhorsen Trilogy / Old Kingdom Trilogy (series)Garth Nix
9.4%
52. Delirium (series)Lauren Oliver
9.1%
Rank & Novel Author % Correct
71. Before I FallLauren Oliver
9.1%
70. Nick & Norah's Infinite PlaylistRachel Cohn, David Levithan
8.7%
57. The Gemma Doyle Trilogy (A Great and Terrible Beauty) (series)Libba Bray
8.3%
39. Vampire Academy (series)Richelle Mead
8.2%
66. Bloodlines (series)Richelle Mead
8.2%
58. Miss Peregrine's Home for Peculiar ChildrenRansom Riggs
8.1%
61. The Chocolate WarRobert Cormier
7.9%
78. Matched (series)Ally Condie
7.9%
87. Daughter of Smoke & BoneLaini Taylor
7.5%
75. If I StayGayle Forman
7.4%
45. Graceling (series)Kristin Cashore
6.9%
79. Gallagher Girls (I'd Tell You I Love You, but Then I'd Have to Kill You)(series)Ally Carter
6.8%
68. House of Night (Marked) (series)P.C. Cast, Kristin Cast
6.6%
77. Crank (series)Ellen Hopkins
6.6%
85. Chaos Walking (The Knife of Never Letting Go) (series)Patrick Ness
6.4%
96. Gone (series)Michael Grant
6.4%
80. The Goose GirlShannon Hale
5.7%
53. Anna and the French KissStephanie Perkins
5.7%
56. It's Kind of a Funny StoryNed Vizzini
5.6%
73. The Last UnicornPeter S. Beagle
5.6%
97. The Shiver Trilogy (series)Maggie Stiefvater
5.5%
54. Hush, Hush (saga)Becca Fitzpatrick
5.5%
76. The Blue SwordRobin McKinley
5.5%
98. The Hero and the CrownRobin McKinley
5.5%
72. UnwindNeal Shusterman
5%
67. Fallen (series)Lauren Kate
5%
93. The House of the ScorpionNancy Farmer
5%
65. The Bartimaeus Trilogy (The Amulet of Samarkand) (series)Jonathan Stroud
4.8%
91. Confessions of Georgia Nicolson (Angus, Thongs and Full-Frontal Snogging) (series)Louise Rennison
4.7%
84. The Enchanted Forest Chronicles (Dealing with Dragons) (series)Patricia C. Wrede
4%
89. Weetzie Bat (Dangerous Angels) (series)Francesca Lia Block
3.6%
100. Betsy-Tacy Books (series)Maud Hart Lovelace
3.4%

From the Vault

Riverdale Characters by Picture

by lolshortee

Riverdale: A great place to get away with it all.
Remove Ads.
Support Sporcle.
Get the best of Sporcle when you Go Orange. This ad-free experience offers more features, more stats, and more fun while also helping to support Sporcle. Thank you for becoming a member.

Show Comments

Extras

Top Quizzes Today


Score Distribution

Your Account Isn't Verified!

In order to create a playlist on Sporcle, you need to verify the email address you used during registration. Go to your Sporcle Settings to finish the process.

Report this User

Report this user for behavior that violates our Community Guidelines.

Details: